La filosofía del cristianismo : (Registro nro. 1864)

000 -CABECERA
campo de control de longitud fija 01619nam a2200313 a 4500
001 - NÚMERO DE CONTROL
campo de control 000030854
005 - FECHA Y HORA DE LA ÚLTIMA TRANSACCIÓN
campo de control 20200120222212.0
008 - DATOS DE LONGITUD FIJA--INFORMACIÓN GENERAL
campo de control de longitud fija 071004s1991 ck h gr0 p spa d
090 ## - LOCALMENTE ASIGNADO TIPO-LC NÚMERO DE CLASIFICACIÓN (OCLC); NÚMERO DE CLASIFICACIÓN LOCAL (RLIN)
Número de clasificación (OCLC) (R) ; Numero de clasificación, CALL (RLIN) (NR) AP
Número cutter local (OCLC) ; Número de libro/Signatura topográfica íntegra, CALL (RLIN) CARJ
100 0# - ENTRADA PRINCIPAL--NOMBRE DE PERSONA
Nombre de persona Caro, José Eusebio
245 13 - MENCIÓN DE TÍTULO
Título La filosofía del cristianismo :
Resto del título poesias /
Mención de responsabilidad, etc. José Eusebio Caro ; nota editorial por : Carlos Valderrama Andrade ; presentación: Ignacio Chaves Cuevas.
250 ## - MENCIÓN DE EDICIÓN
Mención de edición 1a. ed.
260 ## - PUBLICACIÓN, DISTRIBUCIÓN, ETC.
Lugar de publicación, distribución, etc. Santafé de Bogotá :
Nombre del editor, distribuidor, etc. Instituto Caro y Cuervo,
Fecha de publicación, distribución, etc. 1991.
300 ## - DESCRIPCIÓN FÍSICA
Extensión xv, [211] p.
500 ## - NOTA GENERAL
Nota general "Lás páginas de este cuaderno presentan en borradores, trabajados cuidadosamente en edición facsimilar,
500 ## - NOTA GENERAL
Nota general testimonios de uno de los hombres que marcó el siglo XIX en las décadas del 30 al 50. Se trata de un cuaderno
500 ## - NOTA GENERAL
Nota general de 211 páginas, numeradas por su autor con alguna equivocación, tiene algunas hojas en blanco y guarda los
500 ## - NOTA GENERAL
Nota general borradores de un proyecto de escrito filosófico, una curiosa Algebra sinóptica, unas observaciones sobre
500 ## - NOTA GENERAL
Nota general versificación y las poesías, precedidas de un plan de versificación"
500 ## - NOTA GENERAL
Nota general Ej.1 Roma, Donado en 2005
500 ## - NOTA GENERAL
Nota general Cuaderno de José Eusebio Caro : edición facsimilar
500 ## - NOTA GENERAL
Nota general Ej 1. En Biblioparque De Funza : Colección Proveniente De La Antigua Biblioteca Municipal, Centro Cultural Bacatá, Funza (Cundinamarca).
650 14 - PUNTO DE ACCESO ADICIONAL DE MATERIA--TÉRMINO DE MATERIA
Término de materia o nombre geográfico como elemento de entrada Poesia colombiana
650 24 - PUNTO DE ACCESO ADICIONAL DE MATERIA--TÉRMINO DE MATERIA
Término de materia o nombre geográfico como elemento de entrada Literatura Colombiana
650 24 - PUNTO DE ACCESO ADICIONAL DE MATERIA--TÉRMINO DE MATERIA
Término de materia o nombre geográfico como elemento de entrada Facsimiles
700 1# - PUNTO DE ACCESO ADICIONAL--NOMBRE DE PERSONA
Nombre de persona Valderrama Andrade, Carlos
-- editor
700 1# - PUNTO DE ACCESO ADICIONAL--NOMBRE DE PERSONA
Nombre de persona Chaves Cuevas, Ignacio
-- presentacion
901 ## - ELEMENTOS DE DATOS A LOCAL LDA (RLIN)
a Donación, Instituto acaro y Cuervo
Existencias
Estado de retiro Estado de pérdida Fuente del sistema de clasificación o colocación Estado dañado No para préstamo Código de colección Localización permanente Ubicación/localización actual Fecha de adquisición Número de inventario Total de préstamos Signatura topográfica completa Código de barras Fecha visto por última vez Número de copia Precio válido a partir de Tipo de ítem Koha Nota pública
          Literatura Adulto Biblioteca Pública San Juan Bosco Biblioteca Pública San Juan Bosco 20/01/2020 103725   AP CARJ MOS015329 18/08/2021 ej.1 20/01/2020 Libro Literatura Quince días

© Todos los derechos reservados para la Biblioteca Pública Municipal San Juan Bosco, 2020
Secretaria de Cultura de Mosquera
Carrera 3 N° 10 Esquina Centro Cultural Barrio El Carmén Teléfono: 8270830 Ext: 34
Funcionando con KOHA
Contacto: Biblioteca Pública Municipal San Juan Bosco/ bibliotecasanjuanbosco@mosquera-cundinamarca.gov.co
Mosquera, Cundinamarca